=LDR 00000nam 2200000 4500 =001 INLIS000000000020228 =005 20221114071454 =035 ##$$a 0010-061300000020228 =008 221114################g##########0#ind## =041 ##$$a Ind =082 ##$$a 669 =090 ##$$a 669, Why l =100 ##$$a Whyman, Katryn =245 1#$$a Logam dan lingkungan /$c Kathryn Whyman ; alih bahasa, Drs. Wasi Dewanto =260 ##$$a Bandung :$b Pakar Raya,$c 2006 =300 ##$$a 32 hlm : $b Ilus ; $c 28 cm =650 #4$$a Logam =850 ##$$a NBPNMAT =020 ##$$a 979-534-306-8 =084 ##$$a 669 WHY l =990 ##$$a 25812581 =990 ##$$a 25812581 =990 ##$$a 20614861 =990 ##$$a 1200603210 =990 ##$$a 20614860 =990 ##$$a 20614861